000 00211 a2200097 4500
001 1548
100 _aMurphy,J.S
245 _aRelation of properties to microstructure
260 _a
_bASM
_c
090 _c1088
_d1088
942 _aNUST-CAE
_cM
_c980
999 _c236621
_d236621